000 00532 a2200181 4500
003 OSt
005 20231214152058.0
008 231214b |||||||| |||| 00| 0 eng d
020 _a9788126419678
040 _coclc
082 _a894.8128
_bBAL/J
100 _aBalakrishnan, P K
_91791
245 _aJaathivyavasthithiyum Keralacharithravum /
_cP.K. Balakrishnan
250 _a13th ed.
260 _aKottayam:
_bD C Books,
_c2022.
300 _b406p.
942 _2ddc
_cBK
_h894.8128
_iBAL/J
_k894.8128
_mBAL/J
999 _c44117
_d44117